000 00624nam a2200181 i 4500
001 107569
003 ES-MaACL
005 20230906184440.0
007 t|
008 061121s1913 it r ||||1| ita d
100 1 _aMoreau-Vauthier, Ch.
_983218
245 1 3 _aLa pittura
_b: i diversi processi, la malattie dei colori, i quadri falsi /
_cper CH. Moreau-Vauthier et Ugo Ojetti; con prefazione di G. A. Sartorio.
260 _aBergamo :
_bIstituto Italiano d'Arte Grafiche,
_c1913.
300 _aXII, 264 p. ;
_c21 cm.
700 1 _aOjetti, Ugo.
_986620
700 1 _aSartorio, G. A.
_9103888
852 _aES-MaACL
_jF-3294
999 _c107569
_d107569